Boredom as predictor to anxiety of school varsity athletes (Record no. 365425)
[ view plain ]
| 000 -LEADER | |
|---|---|
| fixed length control field | 00485nam a22001577a 4500 |
| 003 - CONTROL NUMBER IDENTIFIER | |
| control field | 0 |
| 005 - DATE AND TIME OF LATEST TRANSACTION | |
| control field | 20230929082538.0 |
| 008 - FIXED-LENGTH DATA ELEMENTS--GENERAL INFORMATION | |
| fixed length control field | 230929b xxu||||| |||| 00| 0 eng d |
| 050 ## - LIBRARY OF CONGRESS CALL NUMBER | |
| Classification number | RJ 506 |
| Item number | .Se438 2022 |
| 245 ## - TITLE STATEMENT | |
| Title | Boredom as predictor to anxiety of school varsity athletes |
| Statement of responsibility, etc | Sealtiel, Avegail C. |
| 260 ## - PUBLICATION, DISTRIBUTION, ETC. (IMPRINT) | |
| Place of publication, distribution, etc | Las Pinas City |
| Name of publisher, distributor, etc | Southville International School and Colleges |
| Date of publication, distribution, etc | C2022 |
| 300 ## - PHYSICAL DESCRIPTION | |
| Extent | viii, 64pp |
| Dimensions | 28cm. |
| 500 ## - GENERAL NOTE | |
| General note | Anxiety. |
| 501 ## - WITH NOTE | |
| With note | School varsity. |
| 942 ## - ADDED ENTRY ELEMENTS (KOHA) | |
| Source of classification or shelving scheme | Library of Congress Classification |
| Koha item type | Theses |
No items available.